[Event "Welsh Chess Championships"]
[Site "Cardiff, Wales"]
[Date "2017.04.15"]
[Round "3.5"]
[White "Sands, David A"]
[Black "Ehsandar, Peter"]
[Result "1-0"]
[WhiteElo "2103"]
[BlackElo "1933"]
[PlyCount "135"]
[EventDate "2017.??.??"]

1. d4 Nf6 2. c4 e6 3. Nc3 Bb4 4. e3 O-O 5. Nge2 d5 6. a3 Be7 7. cxd5 exd5 8.
Nf4 c6 9. Bd3 a5 10. O-O Na6 11. f3 Re8 12. Kh1 c5 13. dxc5 Bxc5 14. Nfxd5 Nxd5
15. Nxd5 Re5 16. Nf4 Qb6 17. e4 Be6 18. Nxe6 Rxe6 19. Qe2 Bd4 20. Bc4 Ree8 21.
Rb1 Nc7 22. Bd2 Ne6 23. b3 Qd6 24. Bc1 Nf4 25. Qd2 Nh5 26. Bb2 Rad8 27. Rfd1
Bc5 28. Qxd6 Bxd6 29. g3 b6 30. Kg2 Bc5 31. e5 Kf8 32. Bb5 Rxd1 33. Rxd1 Rc8
34. f4 g6 35. Kf3 Ng7 36. Rd7 Ne6 37. Bc4 Re8 38. Rb7 Nd8 39. Rd7 Ne6 40. Rd3
Ke7 41. Bb5 Rd8 42. Rxd8 Kxd8 43. Bc4 Ke7 44. a4 Nd4+ 45. Ke4 Nc2 46. g4 Ne3
47. Be2 Ke6 48. Bc1 Nc2 49. f5+ Ke7 50. Bg5+ Kf8 51. Bh6+ Ke7 52. f6+ Ke8 53.
Bb5+ Kd8 54. Bc4 Ke8 55. e6 fxe6 56. Bxe6 Bf8 57. Bxf8 Kxf8 58. g5 Nb4 59. Bc4
Ke8 60. Ke5 Kf8 61. Kd6 Nc2 62. Kc7 Nd4 63. Kxb6 Nf3 64. Kxa5 Nxg5 65. Kb6 Ne4
66. a5 Nxf6 67. a6 Nd7+ 68. Kc7 1-0

[Event "Welsh Chess Championships"]
[Site "Cardiff, Wales"]
[Date "2017.04.15"]
[Round "3.6"]
[White "Ralphs, Nigel"]
[Black "Taylor, Robert Graham"]
[Result "1/2-1/2"]
[WhiteElo "2058"]
[BlackElo "1932"]
[PlyCount "67"]
[EventDate "2017.??.??"]

1. e4 d6 2. d4 Nf6 3. Nc3 g6 4. Be3 Bg7 5. f3 O-O 6. Qd2 Nbd7 7. O-O-O c6 8.
Kb1 Qc7 9. Bh6 b5 10. h4 b4 11. Nce2 Qa5 12. h5 Nxh5 13. g4 Nhf6 14. Bxg7 Kxg7
15. Qh6+ Kg8 16. f4 Rd8 17. g5 Nh5 18. Ng3 Nf8 19. Rxh5 Bg4 20. Be2 gxh5 21.
Bxg4 hxg4 22. Nf5 Ne6 23. Nxe7+ Kh8 24. f5 Qc7 25. f6 Rg8 26. Ne2 Nxg5 27. Rh1
Rae8 28. Nxg8 Rxg8 29. Rh5 Rg6 30. Qf8+ Rg8 31. Qh6 Rg6 32. Qf8+ Rg8 33. Qe7
Qxe7 34. fxe7 1/2-1/2

[Event "Welsh Chess Championships"]
[Site "Cardiff, Wales"]
[Date "2017.04.15"]
[Round "3.7"]
[White "Morcom, Huw"]
[Black "Young, Alan"]
[Result "1/2-1/2"]
[WhiteElo "1925"]
[BlackElo "2056"]
[PlyCount "38"]
[EventDate "2017.??.??"]

1. e4 e5 2. d4 exd4 3. Qxd4 Nc6 4. Qe3 Nf6 5. Bd2 Be7 6. Nc3 d5 7. exd5 Nxd5 8.
Nxd5 Qxd5 9. Ne2 O-O 10. Nc3 Qd4 11. O-O-O Bf5 12. Qxd4 Nxd4 13. Nd5 Bd6 14.
Ne3 Be6 15. Bc4 Rfe8 16. c3 Nc6 17. Bxe6 Rxe6 18. Nc4 Be7 19. Rhe1 Rxe1 1/2-1/2

[Event "Welsh Chess Championships"]
[Site "Cardiff, Wales"]
[Date "2017.04.15"]
[Round "3.8"]
[White "Turner, Joseph David"]
[Black "Waterfield, John W"]
[Result "1-0"]
[WhiteElo "1933"]
[BlackElo "1948"]
[PlyCount "89"]
[EventDate "2017.??.??"]

1. e4 e5 2. f4 exf4 3. Bc4 Nc6 4. d4 Nf6 5. Nc3 Bb4 6. Nf3 O-O 7. O-O Bxc3 8.
bxc3 d5 9. exd5 Nxd5 10. Bxd5 Qxd5 11. Bxf4 Be6 12. Bxc7 Rac8 13. Bg3 Na5 14.
Be1 Nc4 15. Qc1 Bg4 16. Qf4 Bh5 17. a4 Rfe8 18. Rb1 a6 19. h3 Ne3 20. Rf2 Bg6
21. Ne5 Nxc2 22. Nxg6 Nxe1 23. Ne5 f6 24. Rxe1 fxe5 25. Rxe5 Rxe5 26. dxe5 Qc4
27. Qf5 g6 28. Qd7 Rf8 29. Rxf8+ Kxf8 30. Qd8+ Kf7 31. Qf6+ Kg8 32. e6 Qc5+ 33.
Kh1 Qf8 34. Qe5 Qe7 35. c4 h6 36. c5 g5 37. g4 Qf8 38. Kg2 Qe7 39. Kf3 Qf8+ 40.
Qf5 Qg7 41. Ke4 Qc3 42. Qg6+ Qg7 43. Qxg7+ Kxg7 44. Ke5 Kf8 45. Kd6 1-0

[Event "Welsh Chess Championships"]
[Site "Cardiff, Wales"]
[Date "2017.04.15"]
[Round "3.9"]
[White "Sivarajasingam, Shayanna"]
[Black "Bevan, Peter M"]
[Result "1/2-1/2"]
[WhiteElo "1729"]
[BlackElo "1933"]
[PlyCount "91"]
[EventDate "2017.??.??"]

1. e4 c6 2. d4 d5 3. Nc3 dxe4 4. Nxe4 Bf5 5. Ng3 Bg6 6. h4 h6 7. Nf3 Nd7 8. h5
Bh7 9. Bd3 Bxd3 10. Qxd3 e6 11. Bf4 Qa5+ 12. Bd2 Bb4 13. Ne4 Ngf6 14. Nd6+ Ke7
15. Nc4 Bxd2+ 16. Nfxd2 Qc7 17. Qa3+ c5 18. dxc5 Qxc5 19. Qxc5+ Nxc5 20. f3
Rhd8 21. g4 Rd4 22. O-O-O Rad8 23. Ne3 b5 24. Rhe1 Kf8 25. Nb3 Nxb3+ 26. axb3
Rxd1+ 27. Rxd1 Rxd1+ 28. Kxd1 g6 29. hxg6 fxg6 30. Ke2 Ke7 31. Ng2 g5 32. Kd3
Kd6 33. Kd4 e5+ 34. Ke3 a5 35. Ne1 e4 36. c3 exf3 37. Kxf3 a4 38. Nd3 axb3 39.
Nc1 Kd5 40. Nxb3 Kc4 41. Nd4 b4 42. Nf5 b3 43. Nd4 Nd7 44. Ke4 Nc5+ 45. Kf5 Kd3
46. Ke5 1/2-1/2

[Event "Welsh Chess Championships"]
[Site "Cardiff, Wales"]
[Date "2017.04.15"]
[Round "3.10"]
[White "Davis, Lee"]
[Black "Sivarajasingam, Venetia"]
[Result "1-0"]
[WhiteElo "1933"]
[BlackElo "1704"]
[PlyCount "107"]
[EventDate "2017.??.??"]

1. d4 e6 2. g3 c5 3. Nf3 cxd4 4. Nxd4 Qb6 5. Bg2 Bc5 6. e3 Nc6 7. Nb3 Be7 8.
O-O Nf6 9. e4 d6 10. Nc3 O-O 11. Be3 Qd8 12. Qe2 d5 13. Rfd1 Bd7 14. exd5 exd5
15. Nxd5 Nxd5 16. Bxd5 Qc8 17. Bg2 Re8 18. Qd2 Be6 19. Nd4 Rd8 20. Nxc6 bxc6
21. Qc3 Bf6 22. Qa3 a6 23. c3 Qb7 24. Bd4 Be7 25. Qa5 Bg4 26. Re1 Be6 27. b3
Rd7 28. Be3 Bf6 29. Rac1 Rad8 30. Qb6 Qxb6 31. Bxb6 Rc8 32. Be3 Rdd8 33. Red1
Bg4 34. Rxd8+ Bxd8 35. h3 Be6 36. c4 Bf6 37. Rd1 Be7 38. Kh2 h6 39. Bb6 Kh7 40.
Be4+ g6 41. f4 c5 42. Ba5 Rb8 43. g4 Bf8 44. f5 Bc8 45. fxg6+ fxg6 46. Rd8 Be7
47. Rd1 Be6 48. Bc7 Rc8 49. Bf4 Rf8 50. Bg3 Bc8 51. Kg2 Re8 52. Re1 Kg7 53. Bc6
Rd8 54. Rxe7+ 1-0

[Event "Welsh Chess Championships"]
[Site "Cardiff, Wales"]
[Date "2017.04.15"]
[Round "3.11"]
[White "Van Kemenade, Rudy"]
[Black "White, Ernest M"]
[Result "1-0"]
[WhiteElo "1914"]
[BlackElo "1867"]
[PlyCount "57"]
[EventDate "2017.??.??"]

1. e4 d6 2. d4 Nd7 3. c4 g6 4. Nc3 Bg7 5. Nf3 e6 6. Be2 Ne7 7. O-O O-O 8. Be3
a6 9. a4 f5 10. Ng5 Nf6 11. e5 dxe5 12. dxe5 Qxd1 13. Rfxd1 Ng4 14. Bxg4 fxg4
15. Bc5 Re8 16. Bxe7 Rxe7 17. Rd8+ Bf8 18. Rad1 h6 19. Nge4 Kf7 20. Nf6 Bg7 21.
Nxg4 h5 22. Nf6 Bxf6 23. exf6 Kxf6 24. Rh8 c6 25. Rdd8 Rc7 26. Ne4+ Ke7 27.
Rhe8+ Kf7 28. Rxc8 Rd7 29. f3 1-0

[Event "Welsh Chess Championships"]
[Site "Cardiff, Wales"]
[Date "2017.04.15"]
[Round "3.12"]
[White "Guha, Chirag"]
[Black "Bullen, Alex"]
[Result "0-1"]
[WhiteElo "1752"]
[BlackElo "2105"]
[PlyCount "52"]
[EventDate "2017.??.??"]

1. e4 c5 2. Nf3 Nc6 3. Bb5 Qb6 4. Bxc6 Qxc6 5. Nc3 e6 6. O-O Nf6 7. e5 Nd5 8.
Ne4 Be7 9. Re1 f5 10. exf6 Bxf6 11. d4 cxd4 12. Nxd4 Bxd4 13. Qxd4 O-O 14. Bg5
b5 15. a4 b4 16. c4 bxc3 17. bxc3 Ba6 18. Rac1 Rf5 19. c4 Nb6 20. a5 Nxc4 21.
Nf6+ gxf6 22. Bxf6 Kf7 23. Qh4 Rxf6 24. Qxh7+ Ke8 25. Re4 Qc5 26. Rg4 Qxf2+ 0-1

[Event "Welsh Chess Championships"]
[Site "Cardiff, Wales"]
[Date "2017.04.15"]
[Round "3.13"]
[White "Brown, Thomas"]
[Black "Camp, Imogen A L"]
[Result "1-0"]
[WhiteElo "2060"]
[BlackElo "1823"]
[PlyCount "75"]
[EventDate "2017.??.??"]

1. d4 d5 2. c4 e6 3. Nc3 Nf6 4. Nf3 c6 5. e3 Nbd7 6. Bd3 dxc4 7. Bxc4 b5 8. Bd3
a6 9. e4 Bb7 10. O-O Be7 11. e5 Nd5 12. Nxd5 cxd5 13. Ne1 Qb6 14. Be3 O-O 15.
f4 f5 16. g4 g6 17. gxf5 gxf5 18. Qh5 Kh8 19. Nf3 Rg8+ 20. Kh1 Rg7 21. Rg1 Rag8
22. Rxg7 Rxg7 23. Qe8+ Nf8 24. Ng5 Bc6 25. Nf7+ Kg8 26. Qxe7 Rxf7 27. Rg1+ Ng6
28. Qxe6 Qb7 29. Rc1 Bd7 30. Qd6 Nf8 31. Be2 Ne6 32. Bf3 Qa8 33. Bxd5 Qe8 34.
Bf3 Rg7 35. d5 Nf8 36. e6 Bxe6 37. dxe6 Nxe6 38. Bd5 1-0

[Event "Welsh Chess Championships"]
[Site "Cardiff, Wales"]
[Date "2017.04.15"]
[Round "3.14"]
[White "James, Dai"]
[Black "Fathallah, Joe"]
[Result "1-0"]
[WhiteElo "1849"]
[BlackElo "1975"]
[PlyCount "55"]
[EventDate "2017.??.??"]

1. f4 d5 2. Nf3 Nf6 3. g3 g6 4. Bg2 Bg7 5. O-O O-O 6. d3 c5 7. Qe1 Nc6 8. e4
dxe4 9. dxe4 e5 10. c3 Re8 11. Nbd2 b6 12. Qe2 Qc7 13. f5 gxf5 14. Nh4 f4 15.
Ndf3 a5 16. Nf5 Bxf5 17. exf5 fxg3 18. hxg3 Nh5 19. Nh4 Nf6 20. g4 h6 21. g5
hxg5 22. Bxg5 Nh7 23. f6 Nxg5 24. fxg7 Re6 25. Qh5 Nh7 26. Be4 f5 27. Nxf5 Nf6
28. Qg6 1-0

[Event "Welsh Chess Championships"]
[Site "Cardiff, Wales"]
[Date "2017.04.15"]
[Round "4.1"]
[White "Jameson, David"]
[Black "Kett, Tim"]
[Result "1/2-1/2"]
[WhiteElo "2098"]
[BlackElo "2220"]
[PlyCount "102"]
[EventDate "2017.??.??"]

1. e4 e5 2. Nf3 Nc6 3. Bc4 Nf6 4. d4 exd4 5. O-O Nxe4 6. Re1 d5 7. Bxd5 Qxd5 8.
Nc3 Qa5 9. Nxe4 Be6 10. Neg5 O-O-O 11. Nxe6 fxe6 12. Rxe6 h6 13. Qe2 g5 14. Bd2
Qd5 15. Qe4 Qxe4 16. Rxe4 Bg7 17. Ne1 d3 18. Nxd3 Bxb2 19. Rb1 Bf6 20. Be3 Nd4
21. Bxd4 Rxd4 22. Rbe1 Rhd8 23. f3 b6 24. Kf2 c5 25. R1e2 Kb7 26. f4 c4 27. Ne5
Rxe4 28. Rxe4 b5 29. Nf7 Rd2+ 30. Re2 Rxe2+ 31. Kxe2 gxf4 32. Nxh6 Kb6 33. Kf3
a5 34. Kxf4 b4 35. Ng4 Bg7 36. Ke4 a4 37. Kd5 Kb5 38. Ne3 c3 39. g4 b3 40. cxb3
axb3 41. axb3 Kb4 42. Ke4 Kxb3 43. g5 Bf8 44. Kd3 Bd6 45. h4 Bf4 46. Nc2 Bg3
47. h5 Bf4 48. g6 Bh6 49. Nd4+ Kb2 50. Nc2 Bg7 51. Ne3 Kb3 1/2-1/2

[Event "Welsh Chess Championships"]
[Site "Cardiff, Wales"]
[Date "2017.04.15"]
[Round "4.2"]
[White "Thomas, Ben"]
[Black "Pleasants, Allan J"]
[Result "1/2-1/2"]
[WhiteElo "1936"]
[BlackElo "1982"]
[PlyCount "85"]
[EventDate "2017.??.??"]

1. e4 g6 2. Nf3 Bg7 3. Bc4 e6 4. O-O Ne7 5. Nc3 d5 6. exd5 exd5 7. Bb3 O-O 8.
d3 h6 9. Re1 c6 10. Bf4 Bg4 11. h3 Bxf3 12. Qxf3 Nf5 13. Be5 Bxe5 14. Rxe5 Nd7
15. Ree1 Nc5 16. Ne2 a5 17. c3 a4 18. Bc2 d4 19. g4 Nh4 20. Qg3 Ne6 21. Nxd4
Nxd4 22. cxd4 g5 23. Re4 Ra5 24. Rae1 Ng6 25. Qe3 Qf6 26. b3 a3 27. b4 Rb5 28.
Qd2 Nf4 29. Kh2 Qd6 30. Kh1 Rxb4 31. Qe3 Rb2 32. Bb3 Nd5 33. Qf3 Kg7 34. Re5
Qf6 35. Bxd5 cxd5 36. Qxf6+ Kxf6 37. R1e2 Rc8 38. Kg2 Rcc2 39. Rf5+ Kg7 40. Re7
Rc8 41. Rfxf7+ Kg6 42. Rg7+ Kf6 43. Rgf7+ 1/2-1/2

[Event "Welsh Chess Championships"]
[Site "Cardiff, Wales"]
[Date "2017.04.15"]
[Round "4.3"]
[White "Sands, David A"]
[Black "Heaven, Peter"]
[Result "1/2-1/2"]
[WhiteElo "2103"]
[BlackElo "2022"]
[PlyCount "43"]
[EventDate "2017.??.??"]

1. d4 Nf6 2. c4 e6 3. Nc3 Bb4 4. e3 O-O 5. Nge2 d5 6. a3 Bd6 7. Ng3 b6 8. cxd5
exd5 9. Be2 Re8 10. b4 Bb7 11. O-O Nbd7 12. Qb3 c6 13. a4 Nf8 14. Ba3 Ne6 15.
Rfd1 Ng5 16. b5 Bxa3 17. Qxa3 Nge4 18. Ngxe4 Nxe4 19. Nxe4 Rxe4 20. bxc6 Bxc6
21. Rdc1 Qd7 22. Qb3 1/2-1/2

[Event "Welsh Chess Championships"]
[Site "Cardiff, Wales"]
[Date "2017.04.15"]
[Round "4.4"]
[White "Rodriguez, Juan Talavera"]
[Black "Turner, Joseph David"]
[Result "0-1"]
[WhiteElo "1988"]
[BlackElo "1933"]
[PlyCount "88"]
[EventDate "2017.??.??"]

1. e4 Nc6 2. d4 e5 3. Nf3 exd4 4. Nxd4 Qf6 5. Be3 Bc5 6. c3 Nge7 7. Bc4 Ne5 8.
Be2 c6 9. O-O d5 10. Nb5 Bd6 11. Nxd6+ Qxd6 12. Nd2 O-O 13. Nb3 Rd8 14. f4 Nd7
15. e5 Qc7 16. Bd3 c5 17. Bc2 b6 18. Qh5 g6 19. Qh4 Nf8 20. Rac1 Bf5 21. g4
Bxc2 22. Rxc2 a5 23. Re2 a4 24. Nd2 d4 25. cxd4 cxd4 26. Bf2 d3 27. Re4 a3 28.
Rc4 Qb7 29. b3 b5 30. Rcc1 Nd5 31. Qg3 Ne6 32. Be3 Nb4 33. f5 Nd4 34. Bxd4 Rxd4
35. e6 fxe6 36. Rc7 Qb6 37. Kh1 Nd5 38. Rxh7 Kxh7 39. Qh4+ Kg8 40. fxg6 Ra7 41.
Rc1 Rc7 42. Qd8+ Kg7 43. Re1 Nf4 44. Qe8 Qb7+ 0-1

[Event "Welsh Chess Championships"]
[Site "Cardiff, Wales"]
[Date "2017.04.15"]
[Round "4.5"]
[White "Davis, Lee"]
[Black "Van Kemenade, Rudy"]
[Result "1/2-1/2"]
[WhiteElo "1933"]
[BlackElo "1914"]
[PlyCount "62"]
[EventDate "2017.??.??"]

1. d4 d6 2. Nf3 f5 3. g3 Nf6 4. Bg2 g6 5. O-O Bg7 6. c4 O-O 7. Nc3 c6 8. d5 Na6
9. Rb1 Qe8 10. b3 Bd7 11. Bb2 Nc7 12. Re1 c5 13. e3 h6 14. h4 b5 15. cxb5 Nxb5
16. Nxb5 Bxb5 17. Ba1 a5 18. a4 Ba6 19. Nd2 Bd3 20. Rc1 Rb8 21. Nc4 Bxc4 22.
Rxc4 Nd7 23. Bxg7 Kxg7 24. f4 Rb4 25. Rxb4 cxb4 26. e4 fxe4 27. Bxe4 Nc5 28.
Bd3 Qf7 29. Bc4 Qf6 30. Qe2 Rf7 31. Qe3 h5 1/2-1/2

[Event "Welsh Chess Championships"]
[Site "Cardiff, Wales"]
[Date "2017.04.15"]
[Round "4.6"]
[White "Bullen, Alex"]
[Black "Saunders, Walter N. R"]
[Result "1-0"]
[WhiteElo "2105"]
[BlackElo "2030"]
[PlyCount "85"]
[EventDate "2017.??.??"]

1. e4 g6 2. d4 Bg7 3. Nf3 d6 4. Nc3 c6 5. a4 Nf6 6. h3 O-O 7. Be3 Nbd7 8. Be2
e5 9. dxe5 dxe5 10. Nd2 Qc7 11. Nc4 Rd8 12. Qd6 Qxd6 13. Nxd6 Nf8 14. Nxc8
Rdxc8 15. O-O-O Ne6 16. Rd3 b6 17. Rhd1 Kf8 18. Rd6 Ke8 19. Bc4 Nf8 20. Rxc6
Rxc6 21. Bb5 Rac8 22. Rd6 Ke7 23. Rxc6 Rxc6 24. Bxc6 Kd6 25. Bb7 Kc7 26. Ba6
N8d7 27. Bc4 Nc5 28. f3 Ne6 29. Nb5+ Kb8 30. Nd6 Nc5 31. b3 Nh5 32. Nxf7 Nf4
33. g3 Nh5 34. Bf2 Kc7 35. Ng5 Bh6 36. h4 Ng7 37. Kd1 Bxg5 38. hxg5 Nce6 39.
Be3 Kd6 40. Bxe6 Kxe6 41. a5 bxa5 42. Bxa7 Kd6 43. Bb8+ 1-0

[Event "Welsh Chess Championships"]
[Site "Cardiff, Wales"]
[Date "2017.04.15"]
[Round "4.7"]
[White "Hatchett, Paul"]
[Black "Ralphs, Nigel"]
[Result "1/2-1/2"]
[WhiteElo "2022"]
[BlackElo "2058"]
[PlyCount "38"]
[EventDate "2017.??.??"]

1. e4 e5 2. Nc3 Nf6 3. f4 d5 4. fxe5 Nxe4 5. d3 Nxc3 6. bxc3 Nc6 7. Nf3 d4 8.
Be2 Be7 9. O-O O-O 10. Qe1 f6 11. Qg3 Kh8 12. Bf4 dxc3 13. Rae1 Be6 14. exf6
Bxf6 15. Bxc7 Qd7 16. a3 Rac8 17. Bd6 Rfe8 18. Kh1 Bd5 19. Bf4 Nd4 1/2-1/2

[Event "Welsh Chess Championships"]
[Site "Cardiff, Wales"]
[Date "2017.04.15"]
[Round "4.8"]
[White "Young, Alan"]
[Black "Sivarajasingam, Shayanna"]
[Result "1-0"]
[WhiteElo "2056"]
[BlackElo "1729"]
[PlyCount "105"]
[EventDate "2017.??.??"]

1. e4 e6 2. d4 d5 3. Nc3 h6 4. Nf3 Nf6 5. Bd3 dxe4 6. Nxe4 Nc6 7. O-O Be7 8. c3
O-O 9. Qe2 Nxe4 10. Qxe4 f5 11. Qe2 Bf6 12. Bb5 Ne7 13. Re1 Nd5 14. Bc4 Qd6 15.
Bxd5 Qxd5 16. Bf4 c6 17. Be5 Qd8 18. Bxf6 Qxf6 19. Ne5 g5 20. Qh5 Kh7 21. Re3
Rg8 22. Rae1 a5 23. Rg3 Rg7 24. Rf1 Bd7 25. Qe2 Re8 26. f4 g4 27. h3 h5 28.
hxg4 hxg4 29. Kf2 Rh8 30. Rh1+ Kg8 31. Rxh8+ Kxh8 32. Qe1 Bc8 33. Ke2 Kg8 34.
Kd2 Rh7 35. Re3 Kf8 36. Nc4 Qd8 37. Kc2 b5 38. Ne5 Qd6 39. Re2 Ke8 40. Qd2 Bd7
41. Qd3 a4 42. Nxg4 Rh4 43. Qxf5 Kd8 44. Qf6+ Qe7 45. Qxe7+ Kxe7 46. Ne5 Rh6
47. g4 Rf6 48. g5 Rxf4 49. Ng6+ Kf7 50. Nxf4 Ke7 51. g6 Kf6 52. Rg2 Kg7 53.
Nh5+ 1-0

[Event "Welsh Chess Championships"]
[Site "Cardiff, Wales"]
[Date "2017.04.15"]
[Round "4.9"]
[White "Bevan, Peter M"]
[Black "Morcom, Huw"]
[Result "0-1"]
[WhiteElo "1933"]
[BlackElo "1925"]
[PlyCount "70"]
[EventDate "2017.??.??"]

1. c4 g6 2. g3 Bg7 3. Bg2 d6 4. Nc3 c6 5. e4 Na6 6. d3 f5 7. exf5 Bxf5 8. g4
Bd7 9. g5 Bf5 10. Nge2 Nc5 11. Ne4 Qa5+ 12. Kf1 h6 13. h4 hxg5 14. hxg5 Rxh1+
15. Bxh1 O-O-O 16. Bd2 Qc7 17. Bc3 e5 18. b4 Ne6 19. Qa4 Kb8 20. Bd2 Ne7 21.
Be3 Nc8 22. b5 Rh8 23. Bg2 c5 24. N2c3 Nb6 25. Qd1 Nf4 26. Bxf4 exf4 27. Rc1
Be5 28. a4 Qh7 29. a5 Nc8 30. Qf3 Bh3 31. Bxh3 Qxh3+ 32. Qxh3 Rxh3 33. Ke2 Ne7
34. Nf6 f3+ 35. Kd1 Rh1+ 0-1

[Event "Welsh Chess Championships"]
[Site "Cardiff, Wales"]
[Date "2017.04.15"]
[Round "4.10"]
[White "Taylor, Robert Graham"]
[Black "Brown, Thomas"]
[Result "1/2-1/2"]
[WhiteElo "1932"]
[BlackElo "2060"]
[PlyCount "68"]
[EventDate "2017.??.??"]

1. Nf3 g6 2. c4 c5 3. d4 cxd4 4. Nxd4 Nc6 5. g3 Bg7 6. Nxc6 bxc6 7. Bg2 Rb8 8.
O-O Rxb2 9. Bxb2 Bxb2 10. Nd2 Bxa1 11. Qxa1 Nf6 12. Qd4 Qa5 13. e4 O-O 14. e5
c5 15. Qb2 Ng4 16. h3 Nxe5 17. Qxe5 Qxd2 18. Qxe7 Qxa2 19. Qxc5 d6 20. Qxd6
Qxc4 21. Ra1 Qc3 22. Rxa7 Qe1+ 23. Kh2 Qxf2 24. Ra8 Qe2 25. Qc5 Qe6 26. Qd5
Qxd5 27. Bxd5 Be6 28. Rxf8+ Kxf8 29. Bf3 Ke7 30. g4 Kd6 31. Kg3 Ke5 32. g5 f5
33. gxf6 Kxf6 34. h4 Bd7 1/2-1/2

[Event "Welsh Chess Championships"]
[Site "Cardiff, Wales"]
[Date "2017.04.15"]
[Round "4.11"]
[White "Waterfield, John W"]
[Black "Sivarajasingam, Venetia"]
[Result "1-0"]
[WhiteElo "1948"]
[BlackElo "1704"]
[PlyCount "167"]
[EventDate "2017.??.??"]

1. e4 e6 2. d4 d5 3. Nd2 dxe4 4. Nxe4 Nd7 5. Bd3 Ngf6 6. Qe2 c5 7. Nxf6+ Nxf6
8. dxc5 Bxc5 9. Bd2 Qb6 10. O-O-O Bxf2 11. Nf3 Bc5 12. Ne5 Bd7 13. Nc4 Qc7 14.
Bc3 h6 15. Be5 Qc6 16. Rhf1 Be7 17. Bd4 Qd5 18. Bxf6 gxf6 19. Be4 Qc5 20. Rf3
Rc8 21. Rc3 Qg5+ 22. Kb1 b5 23. Nd6+ Bxd6 24. Rxc8+ Bxc8 25. Rxd6 Ke7 26. Qd1
Qe5 27. Rd4 Qxh2 28. a4 bxa4 29. Rxa4 Qc7 30. Qd4 a6 31. Rc4 Qd7 32. Qc5+ Qd6
33. Qa7+ Bd7 34. Rc7 Rd8 35. Bc6 Qd1+ 36. Ka2 Qd6 37. Qb7 e5 38. c4 Ke8 39.
Rxd7 Rxd7 40. c5 Qe6+ 41. b3 e4 42. Bxd7+ Qxd7 43. Qxe4+ Qe6 44. Qa8+ Ke7 45.
Qb7+ Kf8 46. c6 Qe1 47. Qxa6 Qf2+ 48. Ka3 Qc5+ 49. b4 Qc3+ 50. Ka4 Qa1+ 51. Kb5
Qe5+ 52. Kb6 Qd4+ 53. Kb7 Qxb4+ 54. Qb6 Qe7+ 55. c7 Qe4+ 56. Kb8 Qe5 57. Ka7
Qe7 58. Ka8 Qe4+ 59. Qb7 Qa4+ 60. Kb8 Qf4 61. Qc6 Qe5 62. Qd7 Kg7 63. Kc8 Qc5
64. Kd8 Qa5 65. Ke8 Qe5+ 66. Qe7 Qb5+ 67. Kd8 Qa5 68. Kd7 Qb5+ 69. Kd8 Qa5 70.
Qd6 h5 71. Ke7 Qa7 72. Qxf6+ Kh7 73. Qxf7+ Kh6 74. Qf6+ Kh7 75. Qf5+ Kh6 76.
Qf6+ Kh7 77. Qe5 Kh6 78. Qd6+ Kh7 79. Kf7 Qf2+ 80. Qf6 Qa2+ 81. Kf8 Qg8+ 82.
Ke7 Qa8 83. Qf5+ Kh6 84. c8=Q 1-0

[Event "Welsh Chess Championships"]
[Site "Cardiff, Wales"]
[Date "2017.04.15"]
[Round "4.12"]
[White "Ehsandar, Peter"]
[Black "James, Dai"]
[Result "1-0"]
[WhiteElo "1933"]
[BlackElo "1849"]
[PlyCount "93"]
[EventDate "2017.??.??"]

1. e4 e5 2. Nf3 Nc6 3. Bb5 f5 4. Nc3 Nf6 5. d3 d6 6. Bg5 Be7 7. a3 fxe4 8. dxe4
Be6 9. Qd3 O-O 10. Bc4 Bxc4 11. Qxc4+ Kh8 12. h4 Qe8 13. O-O-O a6 14. Be3 b5
15. Qd3 b4 16. Nd5 Nxd5 17. exd5 Rxf3 18. gxf3 Nd4 19. Bxd4 exd4 20. Rde1 bxa3
21. Qxa3 Qd7 22. Re4 Bf6 23. Rhe1 h6 24. h5 Rb8 25. Qxa6 d3 26. Qc6 Bxb2+ 27.
Kd2 Qf5 28. Re8+ Rxe8 29. Qxe8+ Kh7 30. Qe4 Qxe4 31. Rxe4 dxc2 32. Kxc2 Bf6 33.
Re6 Kg8 34. Re8+ Kf7 35. Rc8 Be5 36. Kd3 Kf6 37. Ke4 Kg5 38. Rxc7 Kxh5 39. f4
Bb2 40. Rc6 Ba3 41. Rc3 Bb2 42. Rg3 Bf6 43. Kf5 Bh4 44. Rg2 g5 45. fxg5 Bxg5
46. f4 Bh4 47. Ke6 1-0

[Event "Welsh Chess Championships"]
[Site "Cardiff, Wales"]
[Date "2017.04.15"]
[Round "4.14"]
[White "Fathallah, Joe"]
[Black "Camp, Imogen A L"]
[Result "0-1"]
[WhiteElo "1975"]
[BlackElo "1823"]
[PlyCount "92"]
[EventDate "2017.??.??"]

1. d4 d5 2. c4 e6 3. Nc3 Nf6 4. cxd5 exd5 5. Bg5 Be7 6. e3 O-O 7. Bd3 c6 8. Qc2
h6 9. Bh4 Re8 10. Nge2 Ne4 11. Bxe7 Qxe7 12. Bxe4 dxe4 13. Ng3 f5 14. Rd1 Na6
15. O-O Nb4 16. Qb3+ Be6 17. Qa3 g6 18. b3 Nd5 19. Qxe7 Rxe7 20. Nxd5 Bxd5 21.
Ne2 Kg7 22. Rc1 a5 23. Nc3 Bf7 24. Rc2 b5 25. Rfc1 a4 26. bxa4 b4 27. Nd1 Rxa4
28. Rxc6 Rxa2 29. R6c2 Rea7 30. Kf1 Rxc2 31. Rxc2 Bb3 32. Rc1 Ra2 33. Ke1 Bc2
34. f3 Bd3 35. Rc7+ Kf6 36. Rb7 Re2+ 37. Kf1 b3 38. fxe4 Rd2+ 39. Ke1 Re2+ 40.
Kf1 b2 41. e5+ Kg5 42. e6 b1=Q 43. Rxb1 Rb2+ 44. Ke1 Rxb1 45. e7 Rb8 46. d5 Kf6
0-1

[Event "Welsh Chess Championships"]
[Site "Cardiff, Wales"]
[Date "2017.04.16"]
[Round "5.1"]
[White "Kett, Tim"]
[Black "Pleasants, Allan J"]
[Result "0-1"]
[WhiteElo "2220"]
[BlackElo "1982"]
[PlyCount "80"]
[EventDate "2017.??.??"]

1. e4 g6 2. d4 Bg7 3. Nc3 d6 4. Be3 Nf6 5. Qd2 O-O 6. O-O-O Nc6 7. f3 Re8 8.
Bb5 a6 9. Bxc6 bxc6 10. Nge2 a5 11. g4 Ba6 12. h4 Qb8 13. Bh6 Bh8 14. h5 e5 15.
hxg6 fxg6 16. dxe5 Rxe5 17. Bf4 Re7 18. Nd4 Qe8 19. Bg5 Rb8 20. Rhe1 Rb4 21. a3
Rb6 22. Na4 Rb8 23. Qxa5 Bb5 24. Nc3 Rf7 25. Ncxb5 cxb5 26. Qd2 b4 27. axb4 Qa4
28. Qc3 Rxb4 29. Bxf6 Bxf6 30. e5 Bxe5 31. Rxe5 dxe5 32. Nb3 Rb8 33. Kb1 Qf4
34. Rd3 e4 35. fxe4 Qxe4 36. Nc5 Rf1+ 37. Ka2 Ra8+ 38. Kb3 Rb8+ 39. Ka2 Qa8+
40. Qa3 Qh1 0-1

[Event "Welsh Chess Championships"]
[Site "Cardiff, Wales"]
[Date "2017.04.16"]
[Round "5.2"]
[White "Heaven, Peter"]
[Black "Jameson, David"]
[Result "1/2-1/2"]
[WhiteElo "2022"]
[BlackElo "2098"]
[PlyCount "47"]
[EventDate "2017.??.??"]

1. e4 e5 2. Nf3 Nc6 3. Bb5 a6 4. Ba4 Nf6 5. O-O Nxe4 6. d4 b5 7. Bb3 d5 8. dxe5
Be6 9. Nbd2 Nc5 10. c3 d4 11. Bxe6 Nxe6 12. cxd4 Ncxd4 13. Ne4 Be7 14. Be3 Nf5
15. Qc2 O-O 16. Neg5 Bxg5 17. Nxg5 g6 18. Ne4 Kg7 19. Nf6 Qe7 20. Nd5 Nxe3 21.
fxe3 Qg5 22. Qe4 Nc5 23. Qd4 Ne6 24. Qe4 1/2-1/2

[Event "Welsh Chess Championships"]
[Site "Cardiff, Wales"]
[Date "2017.04.16"]
[Round "5.3"]
[White "Turner, Joseph David"]
[Black "Thomas, Ben"]
[Result "1-0"]
[WhiteElo "1933"]
[BlackElo "1936"]
[PlyCount "55"]
[EventDate "2017.??.??"]

1. e4 b6 2. d4 Bb7 3. Bd3 Nf6 4. f3 e6 5. Be3 c5 6. c3 Nc6 7. Ne2 Qc8 8. Nd2
Be7 9. O-O Ba6 10. Bxa6 Qxa6 11. a3 O-O 12. g4 cxd4 13. cxd4 Qd3 14. Bf2 e5 15.
d5 Na5 16. Nc1 Qa6 17. b4 Nc4 18. Nxc4 Qxc4 19. d6 Bd8 20. Nd3 Qe6 21. Bg3 Ne8
22. Nxe5 f6 23. Nd3 Nxd6 24. Nf4 Qf7 25. Qxd6 Rc8 26. Rfc1 Rxc1+ 27. Rxc1 Qb3
28. Qd5+ 1-0

[Event "Welsh Chess Championships"]
[Site "Cardiff, Wales"]
[Date "2017.04.16"]
[Round "5.4"]
[White "Bullen, Alex"]
[Black "Davis, Lee"]
[Result "1/2-1/2"]
[WhiteElo "2105"]
[BlackElo "1933"]
[PlyCount "87"]
[EventDate "2017.??.??"]

1. d4 Nf6 2. Nf3 g6 3. c4 Bg7 4. Nc3 O-O 5. Bg5 d6 6. e3 c6 7. Be2 Qc7 8. O-O
a6 9. Qc2 Nbd7 10. Rfd1 c5 11. d5 Re8 12. e4 Ng4 13. Nd2 Nf8 14. h3 h6 15. Bh4
Nf6 16. f4 N6h7 17. Nf3 f6 18. f5 g5 19. Be1 Nd7 20. Nh2 Ne5 21. Bg3 Bd7 22.
Bxe5 fxe5 23. a4 b6 24. Qd3 Nf6 25. Qg3 Reb8 26. Qe3 Qd8 27. Nf1 Qf8 28. Qf3
Be8 29. Ne3 Bh5 30. Ng4 Nxg4 31. hxg4 Be8 32. Rdb1 a5 33. Ra3 Bd7 34. Rb3 Qe8
35. Nb5 Qd8 36. Qh3 Be8 37. Rf1 Rb7 38. Kf2 Bxb5 39. Rxb5 Qf8 40. Ke3 Qf6 41.
Rf3 Rab8 42. Qh5 Qf7 43. Qh1 Qf6 44. Qh5 1/2-1/2